Moderní technika ve vnitřním obchodě

Saved in:
Bibliographic Details
Main Author: Bartoněk, Jan
Other Authors: Vinklář, Vladimír
Format: Book
Language:Czech
Published: Praha Merkur 1983
Tags: Add Tag
No Tags, Be the first to tag this record!

MARC

LEADER 00000nam a2200000 4500
001 c115687
005 20221207065938.3
041 0 |a cze 
044 |a CZ 
245 1 0 |a Moderní technika ve vnitřním obchodě  |c Jan Bartoněk, Vladimír Vinklář 
264 1 |a Praha  |b Merkur  |c 1983 
300 |a 230 s. 
100 1 |a Bartoněk, Jan 
700 1 |a Vinklář, Vladimír